| 000 | 00711nam a22001697a 4500 | ||
|---|---|---|---|
| 005 | 20251024161859.0 | ||
| 100 | _aVictor, O.I. | ||
| 245 | _aCurrent status of three common leaf diseases of Hevea brasiliensis Muell. Arg. in Nigeria | ||
| 260 | _bNatural Rubber Industry: An Asset for Socio-economic development and preservation of the Environment: Proceedings of the International Rubber Conference, IRC 2018, 22-23 October 2018, International Rubber Research and Development Board, Abidjan, Cote D' Ivoire, pp. 51-53. | ||
| 650 | _aFoliar disease | ||
| 650 | _aDisease severity | ||
| 650 | _aPolyclonal garden | ||
| 700 | _aHilda, A.E. | ||
| 700 | _aEmmanual, D. | ||
| 700 | _aBenjamin, O. | ||
| 942 | _cAR | ||
| 999 |
_c75686 _d75686 |
||